| 000 | 01094nam1a22002651i 4500 | ||
|---|---|---|---|
| 001 | rc\2921990 | ||
| 005 | 20240726075058.0 | ||
| 035 | _a(NLR Aleph) 007213312 | ||
| 090 |
_a7675344 _c7675344 |
||
| 100 | _a20110813g19431949|||y0rusy50 ca | ||
| 101 | 0 | _arus | |
| 102 | _aRU | ||
| 105 | _ay z ||||| | ||
| 200 | 1 |
_aСельская эстрада _eРепертуарный сборник. [Вып. 1]- _fРедкол. сб.: И. Дунаевский, Б. Дьяков, С. Зимина (отв. ред.) ... [и др.] |
|
| 210 |
_aМосква _cМолодая гвардия _d1943-1949 |
||
| 300 | _aНа обороте тит. л.: Сост. - Всесоюз. дом нар. творчества | ||
| 300 | _aС вып. 9 загл.: Молодежная эстрада | ||
| 517 | 0 | 0 | _aМолодежная эстрада |
| 702 | 1 |
_aДунаевский _bИ.О. _f1900-1955 _gИсаак Осипович _4340 |
|
| 702 | 1 |
_aДьяков _bБ. _4340 |
|
| 702 | 1 |
_aЗимина _bС. _4340 |
|
| 801 | 0 |
_aRU _bNLR _gpsbo |
|
| 801 | 1 |
_aRU _bELAR _2rusmarc |
|
| 852 |
_aNLR _jИс70 Г-4/30 |
||
| 942 | _cBOOK | ||